Born in Columbia/South Carolina - Statistics

General Stats
  • This quiz has been taken 28 times
    9 since last reset
  • The average score is 5 of 8
Answer Stats
Hint Answer % Correct
Former center who played in the NBA for eighteen seasons, played for seven different teams and was a six time All-Star 1978 Jermaine O'Neal
86%
Center who plays for the Las Vegas Aces and WNBA MVP in 2020, 2022 and 2024 1996 A'ja Wilson
71%
Hall of Fame small forward who played for the Denver Nuggets, Indiana Pacers and Milwaukee Bucks 1954 Alex English
71%
Comedian and actor, "Master of None" "Parks and Recreation" 1983 Aziz Ansari
71%
Governor of South Carolina since 2017 1947 Henry McMaster
71%
Administartor of NASA from 2009 to 2017 and former astronaut 1946 Charles Bolden
57%
Actress, known for her roles as Tracy Stewart in "Teen Wolf" and Gigi Silveri in "One Tree Hill" 1991 Kelsey Asbille Chow
57%
Actor, known for his role as Luke Cage in the Marvel Cinematic Universe 1976 Mike Colter
57%
No matching quizzes found
Score Distribution
Percent of People with Each Score
Percentile by Number Answered
Your Score History
You have not taken this quiz since the last reset